| 000 | 01476nam a2200217Ia 4500 | ||
|---|---|---|---|
| 003 | Ost | ||
| 005 | 20260507075036.0 | ||
| 008 | 260507s9999||||xx |||||||||||||| ||und|| | ||
| 020 | _a235125977 | ||
| 040 | _cfsecg | ||
| 041 | _aara | ||
| 082 | _a330 | ||
| 100 |
_aعبد العزيز، سمير محمد _eمؤلف |
||
| 245 | 0 |
_aعالمية تجارة القرن الحادي و العشرين (3) : _bمنظمة التجارة العالمية ومؤتمراتها الوزارية (وقائع - مشاكل - تحديات ) / _c سمير محمد عبد العزيز |
|
| 260 |
_aالإسكندرية: _bالمكتب العربي الحديث, _c2006 |
||
| 300 |
_a382 صفحة؛ _bإيضاحات ؛ _c24 سم |
||
| 520 | _aمنظمة التجارة العالمية- الجات 1947- قواعد الإنظمام أو التفاوض لمنظمة التجارة العالمية- تسوية المنازعات في إطار إتفاقيات منظمة التجارة العالمية من سنغافورة الى الدوحة- المؤتمرات الوزارية لمنظمة التجارة العالمية- المؤتمر الوزاري الرابع بالدوحة نوفمبر 2001- المؤتمر الوزاري الخامس أغسطس 2003 - منظمة التجارة العالمية ومؤتمراتها الوزارية من المنظور العربي | ||
| 653 | _aمؤتمرات | ||
| 653 | _aمنظمة التجارة العالمية | ||
| 942 | _cكتاب | ||
| 999 |
_c42461 _d42461 |
||